Language Quiz

Random Language or French Quiz

French: Animals Quiz Stats

 Plays Quiz Updated Nov 23, 2018

Support Sporcle.
Go Orange.
Score 0/20 Timer 04:00
2 Plays Today
English French % Correct
catle chat
93.8%
dogle chien
90.5%
horsele cheval
77.2%
chickenla poule
74.3%
lionle lion
71.8%
elephantl'éléphant
69.2%
cowla vache
65%
birdl'oiseau
61.4%
rabbitle lapin
60.4%
pigle cochon
56.6%
English French % Correct
mousela souris
45.8%
bearl'ours
43.9%
wolfle loup
42%
monkeyle singe
38.9%
sheeple mouton
36.6%
goatla chèvre
35%
foxle renard
31.3%
donkeyl'âne
30.1%
bullle taureau
20.7%
moosel'élan
12.9%

From the Vault

The Last Word: Albums II

by Flick

Music 5m
Just make sure you cheer right after the last note. So you'll have the last word instead.
Remove Ads.
Support Sporcle.
Get the best of Sporcle when you Go Orange. This ad-free experience offers more features, more stats, and more fun while also helping to support Sporcle. Thank you for becoming a member.

Show Comments

Extras

Top Quizzes Today


Score Distribution

Your Account Isn't Verified!

In order to create a playlist on Sporcle, you need to verify the email address you used during registration. Go to your Sporcle Settings to finish the process.

Report this User

Report this user for behavior that violates our Community Guidelines.

Details: